| 000 | 00523 a2200181 4500 | ||
|---|---|---|---|
| 003 | OSt | ||
| 005 | 20260305114718.0 | ||
| 008 | 231207b |||||||| |||| 00| 0 eng d | ||
| 020 | _a9788126422517 | ||
| 040 | _coclc | ||
| 082 |
_a894.8123 _bNAI/D |
||
| 100 | 1 |
_aVāsudēvan Nāyar, Eṃ. Ti., _d1933- _99426 |
|
| 245 |
_aDar-S-Salam / _cM.T. Vasudevan Nair |
||
| 250 | _a7th ed. | ||
| 260 |
_aKottayam: _bD C Books, _c2023. |
||
| 300 | _a104p. | ||
| 942 |
_2ddc _cBK _h894.8123 _iNAI/D _k894.8123 _mNAI/D |
||
| 999 |
_c44012 _d44012 |
||